000 01956nam0a2200325 4500
001 RU\NLR\BIBL_A\022286134
005 20260409075114.0
035 _a(NLR Aleph) 022286134
090 _a13228728
_c13228728
100 _a20060306d1886 u y0rusy50 ca
101 0 _arus
102 _aRU
105 _ay z |||||
200 1 _aДве главнейшия заповеди Божии
_f(сочин. покойн. иеромонаха о. Арсения)
205 _a3-е изд.
210 _aМосква
_cТипография И. Ефимова
_dценз. 1886
215 _a4 с.
_d22
225 1 _aБлагословение Обители Св. Пантелеимона
_v22
309 _aБез тит. л. и обл.
316 _aЭкз. РНБ входит в конволют, приплетено к: В чем состоит истинное покаяние? ; О св. таинствах причащения и елеосвящения : (из сочинений покойнаго Афонскаго иеромонаха Арсения) . Москва : Типо-Литография И. Ефимова , ценз. 1893
_5NLR 18.257.1.303
482 0 _1001v19\rc\1540794
_95450713
_cМосква
_dценз. 1893
_e3-е изд.
_nТипо-Литография И. Ефимова
_o(из сочинений покойнаго Афонскаго иеромонаха Арсения)
_p8 с.
_tВ чем состоит истинное покаяние?
518 1 _aДве главнейшие заповеди Божьи
606 _aЛюбовь (религ.)
_3RU\NLR\AUTH\661390813
_92325148
686 0 _aЭ372.24-433.221.1
700 0 _8rus
_7ca
_aАрсений
_cМинин, Александр Иванович
_cиеромонах
_f1823-1879
_3RU\NLR\AUTH\774512
_9114492
852 _aNLR
_j18.257.1.303(22)
942 _cBOOK
980 _aNB